| 000 | 00802namaa22001691 4500 | ||
|---|---|---|---|
| 001 | 174041 | ||
| 003 | ES-MaACL | ||
| 005 | 20231223063116.0 | ||
| 008 | 100209s1907 sp |||| | spa d | ||
| 100 | 1 |
_aDicenta, Joaquín, _d1863-1917 _944474 |
|
| 245 | 1 | 0 |
_aMarinera _b: monólogo en un acto y en prosa / _coriginal de Joaquín Dicenta. |
| 260 |
_aMadrid : _bSociedad de Autores Españoles, _c1907 ( _fR. Velasco) |
||
| 300 |
_a12 p., 1 h. ; _c20 cm. |
||
| 500 | _aEn port.: Estrenado en el teatro de la Princesa para beneficio de la actriz Aguglia Farran, el 11 de febrero de 1907. | ||
| 852 |
_aES-MaACL _jF-8647(5) _z.- Enc. hol., conservando cubierta original _z.- Enc. en un vol. facticio formando parte de la col. facticia "Teatro español moderno" v. 104 |
||
| 999 |
_c174041 _d174041 |
||